000 00327 a2200109 4500
001 ART_2488
005 20260410161726.0
008 260409a
245 1 0 _aAnálisis de la función de personal
100 1 _aMaristany, Jaime
773 0 _tAdministración de empresas
_g- Año 4, Nº 47 (feb. 1974)
_wREV2036
999 _c17443
_d17443